000 00486 a2200169 4500
000 BKB
001 069553
005 20200902150317.0
008
082 _a658
_bI2S
100 1 _aIreland, R. Duane
245 1 _aStrategic management
_cby R. Duane Ireland...[et.al.]
260 _aAustralia
_bCengage Learning
_c2011
300 _a594p.
690 _aStrategic planning; Industrial management
700 _aHoskisson, Robert E.
_b
_c
999 _c3097
_d3097